[Event "CRO-chT2 West"]
[Site "Rijeka"]
[Date "2020.09.13"]
[Round "3.6"]
[White "Lulic, Igor"]
[Black "Garic, Mario"]
[Result "1-0"]
[WhiteElo "2014"]
[BlackElo "1875"]
[PlyCount "111"]
[EventDate "2020.09.12"]
[EventType "team-tourn"]
[EventRounds "9"]
[EventCountry "CRO"]
[SourceTitle "EXT 2022"]
[Source "ChessBase"]
[SourceDate "2021.10.06"]
[SourceVersion "1"]
[SourceVersionDate "2021.10.06"]
[SourceQuality "1"]
[WhiteTeam "Krk"]
[BlackTeam "Buje"]
[WhiteTeamCountry "CRO"]
[BlackTeamCountry "CRO"]

1. e4 c5 2. Nf3 d6 3. d4 cxd4 4. Qxd4 Nc6 5. Bb5 Bd7 6. Bxc6 Bxc6 7. Nc3 Nf6 8. Bg5 Qc7 9. 0-0-0 h6 10. Bh4 b5 11. Qd3 g5 12. Bg3 Bg7 13. e5 dxe5 14. Nxe5 Qb7 15. Nxc6 Qxc6 16. Qxb5 Rc8 17. Qxc6+ Rxc6 18. Be5 0-0 19. Nd5 Nxd5 20. Bxg7 Rfc8 21. c3 Nf4 22. Be5 Ne6 23. Kb1 f6 24. Bd4 R8c7 25. Rhe1 Kf7 26. g3 g4 27. Be3 h5 28. Rd5 Ng7 29. Bh6 e5 30. Bxg7 Kxg7 31. Red1 Kf7 32. Rd8 Kg6 33. Rg8+ Rg7 34. Rxg7+ Kxg7 35. Rd7+ Kg6 36. Rxa7 Rd6 37. Kc2 Kf5 38. Ra4 e4 39. Rd4 Re6 40. Kd2 Kg5 41. b4 Ra6 42. Rd5+ f5 43. Ra5 Rd6+ 44. Ke2 Rc6 45. Kd2 Rd6+ 46. Kc2 Rd3 47. b5 Rf3 48. b6 Rxf2+ 49. Kb3 Rf1 50. Kb2 Rf2+ 51. Ka3 Rf1 52. Rb5 Rd1 53. b7 Rd8 54. b8Q Rxb8 55. Rxb8 h4 56. Rg8+ 1-0

[Event "Zadar op-B 21th"]
[Site "Zadar"]
[Date "2014.12.15"]
[Round "2"]
[White "Lulic, Igor"]
[Black "Mihalinec, Damir"]
[Result "0-1"]
[WhiteElo "2051"]
[BlackElo "2214"]
[PlyCount "90"]
[EventDate "2014.12.14"]
[EventType "swiss"]
[EventRounds "9"]
[EventCountry "CRO"]
[SourceTitle "EXT 2016"]
[Source "ChessBase"]
[SourceDate "2015.10.08"]
[SourceVersion "1"]
[SourceVersionDate "2015.10.08"]
[SourceQuality "1"]

1. e4 c5 2. Nf3 d6 3. d4 cxd4 4. Nxd4 Nf6 5. f3 g6 6. c4 Bg7 7. Nc3 Qb6 8. Na4 Qa5+ 9. Bd2 Qh5 10. Nb5 Na6 11. Bf4 0-0 12. Be2 g5 13. g4 Qg6 14. Be3 Nd7 15. Qd2 h6 16. Bxa7 Nac5 17. Nac3 Bxc3 18. Qxc3 b6 19. h4 Ba6 20. Nd4 Qg7 21. hxg5 hxg5 22. Nf5 Qxc3+ 23. bxc3 e6 24. Rh5 f6 25. Nxd6 Rxa7 26. 0-0-0 Ne5 27. Rdh1 Ng6 28. e5 Rd8 29. Rh6 Nh4 30. Rxf6 Rxd6 31. exd6 Kg7 32. Rxh4 gxh4 33. g5 Bc8 34. f4 h3 35. Rh6 Rxa2 36. Kd1 Ne4 37. Bh5 h2 38. Rg6+ Kf8 39. Bf3 h1Q+ 40. Bxh1 Ra1+ 41. Kc2 Rxh1 42. Kd3 Nxd6 43. Kd4 Kf7 44. Rf6+ Ke7 45. Rg6 Nf5+ 0-1

[Event "Zadar op-B 20th"]
[Site "Zadar"]
[Date "2013.12.18"]
[Round "5"]
[White "Lulic, Igor"]
[Black "Veleski, Robert"]
[Result "1-0"]
[WhiteElo "2022"]
[BlackElo "2242"]
[PlyCount "111"]
[EventDate "2013.12.15"]
[EventType "swiss"]
[EventRounds "9"]
[EventCountry "CRO"]
[SourceTitle "CBM 158 Extra"]
[Source "ChessBase"]
[SourceDate "2014.02.28"]
[SourceVersion "1"]
[SourceVersionDate "2014.02.28"]
[SourceQuality "1"]

1. e4 e5 2. Nf3 Nc6 3. Bc4 Be7 4. d4 d6 5. dxe5 dxe5 6. Qxd8+ Bxd8 7. Nc3 Bg4 8. Be3 f6 9. 0-0-0 Na5 10. Bb5+ c6 11. Be2 Be7 12. a3 Be6 13. Nd2 b6 14. f4 exf4 15. Bxf4 g5 16. Bg3 Nh6 17. b4 Nb7 18. Nc4 Nf7 19. Kb2 b5 20. Na5 Nxa5 21. bxa5 0-0 22. Rhf1 Ne5 23. Na2 Nc4+ 24. Bxc4 Bxc4 25. Rfe1 Be6 26. Nb4 Rac8 27. Bd6 Kf7 28. e5 f5 29. Bxe7 Kxe7 30. Rd6 c5 31. Nc6+ Kf7 32. Red1 Bc4 33. Rd7+ Kg6 34. Ne7+ Kh5 35. Nxc8 Rxc8 36. Rxh7+ Kg4 37. Rxa7 Re8 38. Re1 Bd5 39. Rc7 Bxg2 40. e6 f4 41. Rf7 Bd5 42. Rf6 Re7 43. a6 f3 44. a7 Kh3 45. a8Q Bxa8 46. Rf7 Re8 47. e7 Kg2 48. Re5 g4 49. Rg5 g3 50. Rxg3+ Kh1 51. Rgg7 Bc6 52. Rf6 Bb7 53. h4 b4 54. axb4 cxb4 55. h5 Bd5 56. Rf4 1-0

[Event "Zadar op-B 20th"]
[Site "Zadar"]
[Date "2013.12.17"]
[Round "4"]
[White "Medancic, Rikard"]
[Black "Lulic, Igor"]
[Result "1/2-1/2"]
[WhiteElo "2246"]
[BlackElo "2022"]
[PlyCount "35"]
[EventDate "2013.12.15"]
[EventType "swiss"]
[EventRounds "9"]
[EventCountry "CRO"]
[SourceTitle "CBM 158 Extra"]
[Source "ChessBase"]
[SourceDate "2014.02.28"]
[SourceVersion "1"]
[SourceVersionDate "2014.02.28"]
[SourceQuality "1"]

1. d4 Nf6 2. c4 e6 3. Nc3 Bb4 4. f3 d5 5. a3 Bxc3+ 6. bxc3 h6 7. e3 b6 8. Bd3 Ba6 9. cxd5 Bxd3 10. Qxd3 exd5 11. Ne2 0-0 12. 0-0 Re8 13. Ng3 Nbd7 14. e4 dxe4 15. Nxe4 c5 16. Be3 Qe7 17. Nxf6+ Nxf6 18. Rfe1 1/2-1/2

[Event "CRO-chT2 West"]
[Site "Croatia"]
[Date "2013.04.21"]
[Round "6.23"]
[White "Lulic, Igor"]
[Black "Juranic, Bruno"]
[Result "0-1"]
[WhiteElo "2054"]
[BlackElo "2166"]
[PlyCount "82"]
[EventDate "2013.03.16"]
[EventType "team-tourn"]
[EventRounds "9"]
[EventCountry "CRO"]
[SourceTitle "EXT 2019"]
[Source "ChessBase"]
[SourceDate "2018.10.10"]
[SourceVersion "1"]
[SourceVersionDate "2018.10.10"]
[SourceQuality "1"]
[WhiteTeam "Krk"]
[BlackTeam "Ravna Gora Goranka"]
[WhiteTeamCountry "CRO"]
[BlackTeamCountry "CRO"]

1. e4 c5 2. Nf3 a6 3. c3 d5 4. e5 Bg4 5. Be2 Nc6 6. Ng5 Bxe2 7. Qxe2 e6 8. Nf3 Nge7 9. 0-0 Nf5 10. d3 Be7 11. Re1 h5 12. Nbd2 Qc7 13. Nf1 g6 14. Bg5 h4 15. Bxe7 Qxe7 16. h3 0-0-0 17. N3h2 Nh6 18. Ng4 Nxg4 19. Qxg4 d4 20. c4 Rh5 21. f4 Rf5 22. Nh2 g5 23. Qe2 gxf4 24. Ng4 Qg5 25. Kh1 Rg8 26. Qf2 Nxe5 27. Rxe5 Rxe5 28. Nxe5 Qxe5 29. Re1 Qg5 30. Re4 e5 31. Qf3 f6 32. Re2 Rd8 33. a3 Qg3 34. Qe4 f3 35. Qf5+ Kb8 36. Qxf3 Qxf3 37. gxf3 Rg8 38. Rg2 Rxg2 39. Kxg2 f5 40. b4 b6 41. f4 e4 0-1

[Event "CRO-chT2 West"]
[Site "Croatia"]
[Date "2013.03.16"]
[Round "1.24"]
[White "Lulic, Igor"]
[Black "Kukina, Mario"]
[Result "1/2-1/2"]
[WhiteElo "2054"]
[BlackElo "2047"]
[PlyCount "65"]
[EventDate "2013.03.16"]
[EventType "team-tourn"]
[EventRounds "9"]
[EventCountry "CRO"]
[SourceTitle "EXT 2019"]
[Source "ChessBase"]
[SourceDate "2018.10.10"]
[SourceVersion "1"]
[SourceVersionDate "2018.10.10"]
[SourceQuality "1"]
[WhiteTeam "Krk"]
[BlackTeam "Karlobag"]
[WhiteTeamCountry "CRO"]
[BlackTeamCountry "CRO"]

1. e4 c6 2. d4 d5 3. Nc3 dxe4 4. Nxe4 e6 5. Nf3 Be7 6. Bd3 Nf6 7. 0-0 Nbd7 8. Ng3 0-0 9. Re1 c5 10. c3 b6 11. Ne5 Bb7 12. Bc2 cxd4 13. cxd4 Nxe5 14. Rxe5 Rc8 15. Nh5 g6 16. Ng3 Qc7 17. Bb3 Bd5 18. Bxd5 Nxd5 19. Bh6 Rfe8 20. Rc1 Qd8 21. Rxc8 Qxc8 22. Re2 Qd7 23. Rc2 Rc8 24. Rxc8+ Qxc8 25. Ne4 Qd8 26. g3 Nf6 27. Nxf6+ Bxf6 28. Be3 Qd5 29. Qa4 a5 30. b3 h5 31. Qc4 Qe4 32. a4 h4 33. d5 1/2-1/2

[Event "Kastav ZNG111 op 15th"]
[Site "Kastav"]
[Date "2012.09.08"]
[Round "3.1"]
[White "Jerkovic, Maroje"]
[Black "Lulic, Igor"]
[Result "1-0"]
[WhiteElo "1902"]
[BlackElo "2071"]
[PlyCount "105"]
[EventDate "2012.09.07"]
[EventType "swiss"]
[EventRounds "7"]
[EventCountry "CRO"]
[SourceTitle "EXT 2023"]
[Source "ChessBase"]
[SourceDate "2022.10.05"]
[SourceVersion "1"]
[SourceVersionDate "2022.10.05"]
[SourceQuality "1"]

1. e4 c5 2. Nc3 d6 3. g3 Nf6 4. Bg2 g6 5. d3 Bg7 6. h3 0-0 7. Be3 Nc6 8. Qd2 Rb8 9. Bh6 Bxh6 10. Qxh6 Nd4 11. Rc1 b5 12. Nge2 Nc6 13. Nd5 e6 14. Nxf6+ Qxf6 15. c3 Ne5 16. Rd1 c4 17. Nc1 b4 18. Qf4 Qxf4 19. gxf4 Nxd3+ 20. Nxd3 cxd3 21. b3 f5 22. e5 dxe5 23. fxe5 Rb5 24. f4 bxc3 25. Rxd3 Rc5 26. Kd1 Ba6 27. Rd6 c2+ 28. Kd2 Ra5 29. a4 Rc8 30. Rc1 Kf7 31. Rxc2 Rxc2+ 32. Kxc2 g5 33. fxg5 Rxe5 34. Rxa6 Re2+ 35. Kd1 Rxg2 36. Rxa7+ Kg6 37. Re7 Kxg5 38. Rxe6 Rb2 39. Re3 f4 40. Rc3 Ra2 41. Ke1 h5 42. b4 Rxa4 43. Rb3 Ra6 44. b5 Rb6 45. Kf2 h4 46. Kf3 Kf5 47. Rb2 Kg5 48. Rb4 Kh5 49. Kxf4 Rf6+ 50. Ke5 Rb6 51. Kf5 Rb8 52. b6 Rb7 53. Kf6 1-0

[Event "Kastav ZNG111 op 15th"]
[Site "Kastav"]
[Date "2012.09.08"]
[Round "2.1"]
[White "Lulic, Igor"]
[Black "Jokic, Miljenko"]
[Result "1-0"]
[WhiteElo "2071"]
[BlackElo "1860"]
[PlyCount "71"]
[EventDate "2012.09.07"]
[EventType "swiss"]
[EventRounds "7"]
[EventCountry "CRO"]
[SourceTitle "EXT 2023"]
[Source "ChessBase"]
[SourceDate "2022.10.05"]
[SourceVersion "1"]
[SourceVersionDate "2022.10.05"]
[SourceQuality "1"]

1. e4 e5 2. Nf3 Nc6 3. Bc4 Nf6 4. d3 h6 5. c3 Bc5 6. b4 Bb6 7. b5 Na5 8. Nxe5 Nxc4 9. Nxc4 d5 10. Nxb6 axb6 11. e5 Ng4 12. 0-0 0-0 13. d4 h5 14. h3 Nh6 15. Bxh6 gxh6 16. Qxh5 Kh7 17. Nd2 Ra3 18. f4 f6 19. f5 Qe8 20. Qxe8 Rxe8 21. exf6 Bd7 22. Rae1 Rxa2 23. Rxe8 Bxe8 24. Nf3 Bxb5 25. Re1 Re2 26. Rxe2 Bxe2 27. Ne5 Kg8 28. Kf2 Bb5 29. g4 c5 30. h4 Be8 31. g5 hxg5 32. hxg5 cxd4 33. cxd4 b5 34. g6 Kf8 35. f7 Bc6 36. f6 1-0

[Event "Split op 2nd"]
[Site "Split"]
[Date "2012.08.15"]
[Round "5"]
[White "Farkas, Tibor"]
[Black "Lulic, Igor"]
[Result "1-0"]
[WhiteElo "2253"]
[BlackElo "2069"]
[PlyCount "43"]
[EventDate "2012.08.11"]
[EventType "swiss"]
[EventRounds "9"]
[EventCountry "CRO"]
[SourceTitle "CBM 149 Extra"]
[Source "ChessBase"]
[SourceDate "2012.08.24"]
[SourceVersion "1"]
[SourceVersionDate "2012.08.24"]
[SourceQuality "1"]

1. e4 c5 2. Nf3 d6 3. d4 cxd4 4. Nxd4 Nf6 5. Nc3 g6 6. Be3 Bg7 7. f3 0-0 8. Qd2 Nc6 9. 0-0-0 d5 10. Qe1 e5 11. Nxc6 bxc6 12. exd5 cxd5 13. Bg5 Qa5 14. Bxf6 Bxf6 15. Nxd5 Bg5+ 16. Kb1 Qc5 17. Qxe5 Bf5 18. Nf6+ Bxf6 19. Qxc5 Rfc8 20. Qf2 Rxc2 21. Qxc2 Rc8 22. Bd3 1-0

[Event "Primorje Gorski CupT"]
[Site "Rijeka"]
[Date "2012.05.05"]
[Round "2.1"]
[White "Mufic, Goran"]
[Black "Lulic, Igor"]
[Result "1-0"]
[WhiteElo "2288"]
[BlackElo "2087"]
[PlyCount "149"]
[EventDate "2012.05.05"]
[EventType "team-tourn"]
[EventRounds "3"]
[EventCountry "CRO"]
[SourceTitle "EXT 2014"]
[Source "ChessBase"]
[SourceDate "2013.11.20"]
[SourceVersion "1"]
[SourceVersionDate "2013.11.20"]
[SourceQuality "1"]

1. e4 c5 2. Nf3 e6 3. c3 Nf6 4. e5 Nd5 5. d4 cxd4 6. Qxd4 Nc6 7. Qe4 f5 8. exf6 Nxf6 9. Qh4 Be7 10. Bd3 0-0 11. Bg5 g6 12. Nbd2 d5 13. 0-0 e5 14. c4 e4 15. cxd5 exd3 16. dxc6 bxc6 17. Qc4+ Qd5 18. Bxf6 Bxf6 19. Rab1 Qxc4 20. Nxc4 Ba6 21. b3 Rfe8 22. Rfd1 Rad8 23. Rbc1 Bxc4 24. Rxc4 Rd6 25. Kf1 Kg7 26. h4 h6 27. g4 g5 28. h5 Bb2 29. Ne1 d2 30. Ng2 Bc1 31. Ne3 Rde6 32. Ke2 a5 33. Kd3 Kh7 34. Kc2 Rf8 35. Nf5 Rfe8 36. Rc3 Re1 37. Re3 R8xe3 38. Nxe3 Kg7 39. Nc4 Re2 40. Nxd2 Ba3 41. f3 Rf2 42. Rf1 Re2 43. Kd3 Rg2 44. Re1 Bb4 45. Re2 Rg1 46. Nc4 Rd1+ 47. Ke4 Kf6 48. Ne3 Rd8 49. Nf5 Bc5 50. Rc2 Rd5 51. Nxh6 Rd4+ 52. Ke3 Rc4+ 53. Kd3 Rd4+ 54. Ke2 Rd5 55. Nf5 Re5+ 56. Kf1 Kf7 57. Ng3 Bb4 58. Rxc6 Re1+ 59. Kg2 Ra1 60. Rc2 Bd6 61. Nf5 Bf4 62. Kf2 Rh1 63. Ke2 Rh2+ 64. Kd3 Rh3 65. Ke4 Rh1 66. Re2 Rh3 67. Nd4 Rh1 68. Kd5 Rc1 69. Ne6 Rd1+ 70. Kc4 Bc1 71. Nc5 Rf1 72. Nd3 Ba3 73. Re1 Rxe1 74. Nxe1 Bb4 75. Nd3 1-0

[Event "CRO-chT3 West"]
[Site "Croatia"]
[Date "2011.11.05"]
[Round "7.35"]
[White "Saric, Husnija"]
[Black "Lulic, Igor"]
[Result "0-1"]
[WhiteElo "1842"]
[BlackElo "2065"]
[PlyCount "56"]
[EventDate "2011.03.12"]
[EventType "team-tourn"]
[EventRounds "9"]
[EventCountry "CRO"]
[SourceTitle "EXT 2014"]
[Source "ChessBase"]
[SourceDate "2013.11.20"]
[SourceVersion "1"]
[SourceVersionDate "2013.11.20"]
[SourceQuality "1"]

1. d4 Nf6 2. e3 e6 3. Bd3 c5 4. dxc5 Bxc5 5. Nf3 0-0 6. c3 Qc7 7. 0-0 d5 8. Nbd2 e5 9. e4 Be6 10. b4 Bb6 11. Bb2 Nbd7 12. a4 a5 13. Rc1 dxe4 14. Nxe4 Nxe4 15. Bxe4 Nf6 16. Bb1 Bc4 17. Re1 Ng4 18. Bxh7+ Kh8 19. Rc2 Bb3 20. Nxe5 Bxf2+ 21. Kh1 Nf6 22. Bd3 Bxc2 23. Bxc2 Rfe8 24. c4 Bxe1 25. Qxe1 Qxc4 26. Bf5 Rxe5 27. Bxe5 Re8 28. Bd7 Rxe5 0-1

[Event "Kastav op 13th"]
[Site "Kastav"]
[Date "2011.09.11"]
[Round "7"]
[White "Krsnik Cohar, Ivan Vihor"]
[Black "Lulic, Igor"]
[Result "1/2-1/2"]
[WhiteElo "1903"]
[BlackElo "2072"]
[PlyCount "85"]
[EventDate "2011.09.03"]
[EventType "swiss"]
[EventRounds "8"]
[EventCountry "CRO"]
[SourceTitle "EXT 2012"]
[Source "ChessBase"]
[SourceDate "2011.11.24"]
[SourceVersion "1"]
[SourceVersionDate "2011.11.24"]
[SourceQuality "1"]

1. d4 Nf6 2. Nf3 e6 3. Bg5 h6 4. Bh4 Be7 5. e3 c5 6. c3 cxd4 7. exd4 a6 8. Nbd2 b6 9. Bd3 Bb7 10. Qe2 d6 11. 0-0 Nbd7 12. Rfe1 0-0 13. a3 Nd5 14. Bg3 b5 15. Ne4 N7f6 16. Nfd2 Qb6 17. Nxf6+ Nxf6 18. Bh4 Rfe8 19. Bxf6 Bxf6 20. Ne4 Be7 21. Qh5 Qc6 22. f3 Qd5 23. Qxd5 Bxd5 24. a4 Bc4 25. Nf2 Reb8 26. b4 Bg5 27. Bxc4 bxc4 28. Ne4 Be7 29. Rab1 Ra7 30. a5 Rab7 31. f4 d5 32. Nc5 Bxc5 33. dxc5 d4 34. cxd4 Rxb4 35. Rxb4 Rxb4 36. Rc1 Kf8 37. Kf2 Ke7 38. Ke3 Kd7 39. g4 Kc6 40. Ke4 f6 41. Rc3 g5 42. f5 exf5+ 43. gxf5 1/2-1/2

[Event "CRO-chT3 West"]
[Site "Croatia"]
[Date "2011.04.10"]
[Round "6.44"]
[White "Stefan, Mario"]
[Black "Lulic, Igor"]
[Result "0-1"]
[WhiteElo "1923"]
[BlackElo "2065"]
[PlyCount "70"]
[EventDate "2011.03.12"]
[EventType "team-tourn"]
[EventRounds "9"]
[EventCountry "CRO"]
[SourceTitle "EXT 2014"]
[Source "ChessBase"]
[SourceDate "2013.11.20"]
[SourceVersion "1"]
[SourceVersionDate "2013.11.20"]
[SourceQuality "1"]

1. e4 c5 2. Nf3 e6 3. d4 cxd4 4. Nxd4 a6 5. Nc3 b5 6. Bd3 Bb7 7. 0-0 d6 8. Qe2 Nf6 9. Bg5 Be7 10. Rad1 Nbd7 11. Rfe1 b4 12. Nd5 0-0 13. Nxb4 Qb6 14. c3 Ne5 15. Bb1 Rfe8 16. f3 a5 17. Qb5 Qxb5 18. Nxb5 axb4 19. Nc7 bxc3 20. bxc3 Rec8 21. Nxa8 Bxa8 22. a4 Rc4 23. Rd4 Rxc3 24. Bd2 Rxf3 25. Rc1 Bc6 26. Rxc6 Nxc6 27. Rc4 Rb3 28. Bc2 Rb6 29. a5 Ra6 30. Ra4 d5 31. Bd3 Bc5+ 32. Kf1 Ra8 33. Bb5 Nd4 34. Be3 Nxb5 35. Bxc5 Nxe4 0-1

[Event "CRO-chT2a"]
[Site "Croatia"]
[Date "2009.04.04"]
[Round "1"]
[White "Lulic, Igor"]
[Black "Kukina, Mario"]
[Result "1-0"]
[WhiteElo "2037"]
[BlackElo "1984"]
[PlyCount "65"]
[EventDate "2009.04.04"]
[EventType "team-tourn"]
[EventRounds "9"]
[EventCountry "CRO"]
[SourceTitle "EXT 2010"]
[Source "ChessBase"]
[SourceDate "2010.11.25"]
[SourceVersion "1"]
[SourceVersionDate "2010.11.25"]
[SourceQuality "1"]

1. e4 c5 2. Nf3 Nc6 3. Bb5 a6 4. Bxc6 dxc6 5. h3 e5 6. d3 Bd6 7. Be3 h6 8. Nbd2 Be6 9. c3 Qc7 10. 0-0 Ne7 11. a4 g5 12. d4 cxd4 13. cxd4 g4 14. dxe5 Bb4 15. hxg4 Bxg4 16. Qb3 Bxd2 17. Nxd2 h5 18. Nc4 Be6 19. Qxb7 Qxb7 20. Nd6+ Kf8 21. Nxb7 Rb8 22. Nc5 h4 23. Nxa6 Rxb2 24. Rfb1 Rxb1+ 25. Rxb1 Kg7 26. Nb8 h3 27. gxh3 Bxh3 28. a5 Ng6 29. a6 Bg4 30. Kg2 Rh3 31. Rg1 Rh8 32. a7 Bh3+ 33. Kf3 1-0

[Event "CRO-chT U20 17th"]
[Site "Sv Filip i Jakov"]
[Date "2008.03.30"]
[Round "11"]
[White "Kovacevic, Ivan"]
[Black "Lulic, Igor"]
[Result "0-1"]
[WhiteElo "1891"]
[BlackElo "2032"]
[PlyCount "58"]
[EventDate "2008.03.25"]
[EventType "team-tourn"]
[EventRounds "11"]
[EventCountry "CRO"]
[SourceTitle "EXT 2010"]
[Source "ChessBase"]
[SourceDate "2010.11.25"]
[SourceVersion "1"]
[SourceVersionDate "2010.11.25"]
[SourceQuality "1"]

1. d4 Nf6 2. c4 e6 3. Nc3 Bb4 4. Qc2 0-0 5. a3 Bxc3+ 6. Qxc3 Ne4 7. Qc2 f5 8. Nf3 b6 9. e3 Bb7 10. Be2 d6 11. b3 Nd7 12. Bb2 Ndf6 13. h3 c5 14. 0-0 Qe7 15. Rad1 Rad8 16. b4 Nd7 17. dxc5 bxc5 18. b5 Ng5 19. Kh2 e5 20. Rg1 f4 21. Nxg5 Qxg5 22. e4 f3 23. Bxf3 Qf4+ 24. Kh1 Nf6 25. Rge1 Bc8 26. Bc1 Qh4 27. Kh2 Nh5 28. Bxh5 Rxf2 29. Re2 Qxh3+ 0-1

[Event "CRO-chT U20 17th"]
[Site "Sv Filip i Jakov"]
[Date "2008.03.28"]
[Round "7"]
[White "Buhin, Denis"]
[Black "Lulic, Igor"]
[Result "1/2-1/2"]
[WhiteElo "1851"]
[BlackElo "2032"]
[PlyCount "65"]
[EventDate "2008.03.25"]
[EventType "team-tourn"]
[EventRounds "11"]
[EventCountry "CRO"]
[SourceTitle "EXT 2010"]
[Source "ChessBase"]
[SourceDate "2010.11.25"]
[SourceVersion "1"]
[SourceVersionDate "2010.11.25"]
[SourceQuality "1"]

1. c4 b6 2. Nc3 Bb7 3. d4 Nf6 4. Bg5 e6 5. e3 Be7 6. Nf3 0-0 7. Be2 d6 8. 0-0 Nbd7 9. Qc2 c5 10. Rfd1 cxd4 11. Nxd4 a6 12. Bf3 Qc7 13. Qe2 Rac8 14. Bxb7 Qxb7 15. Rac1 Rc5 16. Bh4 Rfc8 17. b3 d5 18. Na4 R5c7 19. Bxf6 Bxf6 20. Rc2 dxc4 21. bxc4 Ne5 22. Rdc1 Nc6 23. Nxc6 Qxc6 24. Nb2 Qe4 25. Qd3 Qg4 26. h3 Qh4 27. Qb3 Rc6 28. a4 a5 29. Nd3 g6 30. c5 bxc5 31. Rxc5 Rxc5 32. Rxc5 Rxc5 33. Nxc5 1/2-1/2

[Event "CRO-chT U20 17th"]
[Site "Sv Filip i Jakov"]
[Date "2008.03.27"]
[Round "6"]
[White "Lulic, Igor"]
[Black "Filipovic, Ivan"]
[Result "0-1"]
[WhiteElo "2032"]
[BlackElo "1996"]
[PlyCount "100"]
[EventDate "2008.03.25"]
[EventType "team-tourn"]
[EventRounds "11"]
[EventCountry "CRO"]
[SourceTitle "EXT 2010"]
[Source "ChessBase"]
[SourceDate "2010.11.25"]
[SourceVersion "1"]
[SourceVersionDate "2010.11.25"]
[SourceQuality "1"]

1. e4 e5 2. Nf3 Nc6 3. Bc4 Bc5 4. Nc3 Nf6 5. d3 0-0 6. h3 h6 7. g4 Nh7 8. h4 Kh8 9. g5 h5 10. Bxf7 Rxf7 11. g6 Rf8 12. gxh7 d6 13. Bg5 Qe8 14. Nh2 Bxf2+ 15. Kd2 Bh3 16. Nd5 Rc8 17. Ne3 Nd4 18. c3 Ne6 19. Qe2 Bg3 20. Nf3 Bg4 21. Raf1 Bf4 22. Kc2 Bxe3 23. Qxe3 Rxf3 24. Rxf3 Bxf3 25. Qxf3 Qg6 26. Rg1 Rf8 27. Qe3 Qf7 28. Qxa7 Qf2+ 29. Qxf2 Rxf2+ 30. Kb1 Nc5 31. Rd1 Kxh7 32. Rd2 Rxd2 33. Bxd2 Nxd3 34. Be3 Nc5 35. b4 Nxe4 36. Kc2 Kg6 37. a4 Kf7 38. a5 Ke7 39. Kd3 Nf6 40. c4 c6 41. b5 cxb5 42. cxb5 Kd7 43. a6 bxa6 44. bxa6 Kc6 45. a7 Kb7 46. Kc4 d5+ 47. Kc5 d4 48. Bg1 Ng4 49. Kd5 d3 50. Kd6 d2 0-1

[Event "CRO-chT U20 17th"]
[Site "Sv Filip i Jakov"]
[Date "2008.03.26"]
[Round "3"]
[White "Petrusic, Toni"]
[Black "Lulic, Igor"]
[Result "1-0"]
[WhiteElo "1929"]
[BlackElo "2032"]
[PlyCount "95"]
[EventDate "2008.03.25"]
[EventType "team-tourn"]
[EventRounds "11"]
[EventCountry "CRO"]
[SourceTitle "EXT 2010"]
[Source "ChessBase"]
[SourceDate "2010.11.25"]
[SourceVersion "1"]
[SourceVersionDate "2010.11.25"]
[SourceQuality "1"]

1. e4 c5 2. Nf3 e6 3. d4 cxd4 4. Nxd4 a6 5. Nc3 b5 6. a3 Qc7 7. Be3 Nf6 8. Bd3 Bb7 9. 0-0 Be7 10. f4 Nc6 11. Nb3 d6 12. Qf3 0-0 13. Rae1 Rac8 14. Qh3 e5 15. Nd5 Qd8 16. Nxe7+ Nxe7 17. fxe5 dxe5 18. Nc5 Bc6 19. b4 Ng6 20. Rd1 Bd7 21. Qg3 Qe7 22. Bg5 Bc6 23. Qf2 Ng4 24. Qf5 f6 25. Bc1 Nh6 26. Bxh6 gxh6 27. g3 a5 28. c4 Kh8 29. cxb5 Bxb5 30. Bxb5 Rxc5 31. bxc5 Qxc5+ 32. Kg2 Qxb5 33. Qf3 Kg7 34. Qd3 Qb2+ 35. Rf2 Qb6 36. Rb1 Qc6 37. Qd5 Qa4 38. Rb7+ Kh8 39. Rf7 Rg8 40. R7xf6 Nf4+ 41. R6xf4 exf4 42. Qe5+ Rg7 43. Qb8+ Rg8 44. Qb2+ Rg7 45. Rxf4 Qe8 46. Rg4 Qf7 47. Qb8+ Rg8 48. Rxg8+ 1-0

[Event "CRO-ch U20"]
[Site "Bjelolasica"]
[Date "2005.08.18"]
[Round "7"]
[White "Lulic, Igor"]
[Black "Grbac, Ivica"]
[Result "1-0"]
[WhiteElo "2043"]
[BlackElo "1979"]
[PlyCount "29"]
[EventDate "2005.08.13"]
[EventType "swiss"]
[EventRounds "9"]
[EventCountry "CRO"]
[SourceTitle "EXT 2006"]
[Source "ChessBase"]
[SourceDate "2005.11.24"]
[SourceVersion "1"]
[SourceVersionDate "2005.11.24"]
[SourceQuality "1"]

1. e4 c5 2. Nf3 e6 3. c3 d5 4. e5 c4 5. d3 cxd3 6. Bxd3 Bc5 7. 0-0 Ne7 8. Nbd2 0-0 9. Bxh7+ Kxh7 10. Ng5+ Kg6 11. Qg4 f5 12. exf6 Kxf6 13. Ndf3 Rh8 14. Ne5 Qe8 15. Nh7+ 1-0